Los tipos nomenclaturales depositados en la colección zoológica del instituto de ciencias naturales (Registro nro. 20201)

Detalles MARC
000 -CABECERA
Campo de control 00987nam a22002897a 4500
005 - FECHA Y HORA DE LA ULTIMA TRANSACCION
Campo de control 20191224042348.0
008 - ELEMENTOS DE LONGITUD FIJA—INFORMACION GENERAL
Campo de control 180528s2007 ck ||||| |||| 00| 0 spa d
020 ## - ISBN
ISBN 9789589808474
040 ## - FUENTE DE CATALOGACIÓN
Agencia catalogadora original CO-BoIAVH
Agencia transcriptora CO-BoIAVH
041 ## - IDIOMA
Código de idioma para texto/pista de sonido o título separado Español
044 ## - PAÍS DE PUBLICACIÓN
País de publicación Colombia
082 ## - NUMERO DE CLASIFICACION DECIMAL DEWEY
Número de clasificación 578.014
Número del ítem A55l
100 ## - ASIENTO PRINCIPAL--NOMBRE PERSONAL
Nombre personal Andrade, Gonzalo
Término relacionado editor
9 (RLIN) 91299
245 14 - MENCION DE TITULO
Título Los tipos nomenclaturales depositados en la colección zoológica del instituto de ciencias naturales
260 ## - PUBLICACION, DISTRIBUCION, ETC. (PIE DE IMPRENTA)
Lugar de publicación, distribución, etc. Bogotá:
Nombre del editor, distribuidor, etc. Universidad Nacional de Colombia, Facultad de Ciencias, Instituto de Ciencias Naturales.
Fecha de publicación, distribución, etc. 2007.
300 ## - DESCRIPCION FISICA
Extensión 211. páginas
Dimensiones 24 x 16 centimetros
650 14 - ASIENTO SECUNDARIO DE MATERIA - TERMINO TEMATICO
Término temático o nombre geográfico como elemento de entrada Colecciones
Subdivisión general Crustácea, porifera y Annelida
9 (RLIN) 91300
650 14 - ASIENTO SECUNDARIO DE MATERIA - TERMINO TEMATICO
Término temático o nombre geográfico como elemento de entrada Entomología
9 (RLIN) 4483
650 14 - ASIENTO SECUNDARIO DE MATERIA - TERMINO TEMATICO
Término temático o nombre geográfico como elemento de entrada Aracnología
9 (RLIN) 91302
650 14 - ASIENTO SECUNDARIO DE MATERIA - TERMINO TEMATICO
Término temático o nombre geográfico como elemento de entrada Ictiología
9 (RLIN) 11437
650 14 - ASIENTO SECUNDARIO DE MATERIA - TERMINO TEMATICO
Término temático o nombre geográfico como elemento de entrada Anfibios
9 (RLIN) 92768
650 14 - ASIENTO SECUNDARIO DE MATERIA - TERMINO TEMATICO
Término temático o nombre geográfico como elemento de entrada Reptiles
9 (RLIN) 92767
650 14 - ASIENTO SECUNDARIO DE MATERIA - TERMINO TEMATICO
Término temático o nombre geográfico como elemento de entrada Mamiferos
9 (RLIN) 95989
650 14 - ASIENTO SECUNDARIO DE MATERIA - TERMINO TEMATICO
Término temático o nombre geográfico como elemento de entrada Ornitología
9 (RLIN) 93189
700 ## - ASIENTO SECUNDARIO - NOMBRE PERSONAL
Nombre personal Lynch, John
9 (RLIN) 44764
942 ## - ELEMENTOS ADICIONALES (KOHA)
Sistema de clasificación Dewey Decimal Classification
Tipo de ítem Libro
Existencias
Withdrawn status Lost status Sistema de Clasificación Damaged status No para préstamo Colección Ubicación Permanente Ubicación actual Fecha de adquisición Total Checkouts Número topográfico Inventario / Código de Barras Date last seen Ejemplar Price effective from Forma de adquisición Tipo de material
    Dewey Decimal Classification     General Bogotá Bogotá 28/05/2018   LB-578.014 A55l 043319 28/05/2018 Ej. 1 28/05/2018 Donación Libro